Growing Strong in God's Family/ (Record no. 192778)

MARC details
000 -LEADER
fixed length control field 00438nam a22001697a 4500
005 - DATE AND TIME OF LATEST TRANSACTION
control field 20221004121002.0
010 ## - LCCN (DPL NO)
LC control number ENG-135294
020 ## - INTERNATIONAL STANDARD BOOK NUMBER
International Standard Book Number 9781576831915
Terms of availability 350.00
035 ## - SYSTEM CONTROL NUMBER
System control number EN-118826
037 ## - SOURCE OF ACQUISITION
Source of stock number/acquisition DBAD/PUB
082 ## - DEWEY DECIMAL CLASSIFICATION NUMBER
Classification number 248.4
245 ## - TITLE STATEMENT
Title Growing Strong in God's Family/
260 ## - PUBLICATION, DISTRIBUTION, ETC. (IMPRINT)
Place of publication, distribution, etc Madras
Name of publisher, distributor, etc Christian Literature Society
270 ## - ADDRESS
City Madras
300 ## - PHYSICAL DESCRIPTION
Extent 135p.
Dimensions 25cm(pbk)
942 ## - ADDED ENTRY ELEMENTS (KOHA)
Source of classification or shelving scheme Dewey Decimal Classification
Item type English Books
Classification part 248.4
Call number suffix GRO
Holdings
Withdrawn status Lost status Not for loan Collection code Home library Current library Date acquired Source of acquisition Cost, normal purchase price Full call number Barcode Copy number Cost, replacement price Koha item type
      Non-fiction Bawana Bawana 04/10/2022 DBAD/PUB 350.00 248.4 GRO EN-118826 1 350.00 English Books

© Delhi Public Library
Hit Counter
free hit counter